000 00982nam a22002297a 4500
001 6184
003 FISKH
005 20250324170430.0
008 250324b cb ||||| |||| 00| 0 eng d
020 _a9781880892862
040 _aFISKH
_beng
_cFISKH
_dFISKH
050 _a371.042
082 _aLB1575.587
100 _aStrayer, Debbie
245 _aLearning language arts through literature :
_bThe tan teacher book /
_cBy Debbie Strayer and Susan Simpson
260 _aMelrose :
_bCommon Sense Press, Inc . ;
_c1998.
300 _a307 pages :
_billustrations ;
_c28 cm .
520 _aThis developmental, integrated language arts program based on Ruth Beechick s philosophies was designed especially for homeschoolers. Through reading and literature, students learn and master skills in language, grammar, vocabulary, spelling, writing mechanics, creative writing, critical thinking, and more."
700 _aSimpson, Susan
_eAuthor
942 _2ddc
_cBK
_n0
999 _c6184
_d6184